000 00585nam a22001817a 4500
005 20251108173022.0
008 250721s1995 xx 000 0 ara d
082 1 4 _aم/214/ارب
100 1 _aالإربلي، محمد أمين الكردي
_eمؤلف
245 1 0 _aتنوير القلوب في معاملة علام الغيوب /
264 1 _aبيروت :
_bدار الكتب العلمية،
_c1995.
300 _a617ص
650 1 7 _aالعقيدة الدينية
650 1 7 _aالفقه الإسلامي
650 1 7 _aالتصوف
942 _2ddc
_cREF
999 _c94155
_d94155